000
00447nam a2200181Ia 4500
008
090124s9999 xx 000 0 und d
082
_b
124819
100
_a
राजे शैलजा
245
_a
इभ्रत
250
_a
1
260
_c
1991
300
_a
153
600
_a
राजे शैलजा
630
_a
इभ्रत
700
_a
राजे शैलजा
730
_a
इभ्रत
942
_c
BOOK
999
_c
170906
_d
170906